| 000 | 00440nam a2200157Ia 4500 | ||
|---|---|---|---|
| 008 | 170221s9999 xx 000 0 und d | ||
| 100 | _aPatricia Johnson | ||
| 245 | _aReviewer Acknowledgements | ||
| 245 | _cPatricia Johnson | ||
| 260 | _bStudies in Media and Communication | ||
| 260 | _c2014 | ||
| 300 | _a15 : | ||
| 650 | _xCommunication | ||
| 650 | _xMedia Arts | ||
| 856 | _uhttp://redfame.com/journal/index.php/smc/issue/view/42 | ||
| 999 |
_c308781 _d308781 |
||